Η δυνατότητα εφαρμογής εθελουσίων συμφωνιών στα πλαίσια της ελληνικής περιβαλλοντικής πολιτικής : διατριβή
Saved in:
| Main Author: | |
|---|---|
| Corporate Author: | |
| Other Authors: | |
| Format: | Thesis Book |
| Language: | Greek |
| Published: |
2009
|
| Subjects: | |
| Online Access: | http://hdl.handle.net/11610/15045 |
| Tags: |
Add Tag
No Tags, Be the first to tag this record!
|
MARC
| LEADER | 00000cam a2200000 i 4500 | ||
|---|---|---|---|
| 001 | 1/8255 | ||
| 008 | 100609s2009 gre d | ||
| 035 | |l 10108184 | ||
| 040 | |a GR-MY-UA |b gre |e aacr | ||
| 041 | 0 | |a gre | |
| 082 | 0 | |a 333.7 |2 (22) | |
| 100 | 1 | |a Αντωνίου, Σταυρούλα. | |
| 245 | 1 | 2 | |a Η δυνατότητα εφαρμογής εθελουσίων συμφωνιών στα πλαίσια της ελληνικής περιβαλλοντικής πολιτικής : |b διατριβή / |c Σταυρούλα Ε. Αντωνίου ; επιβλέπων καθηγητής: Κωνσταντίνος Ευαγγελινός |
| 260 | |c 2009 | ||
| 300 | |a 101 σ.; |b πιν.; |c 30 εκ. | ||
| 500 | |a Βιβλιογραφία: σ. 92-101 | ||
| 502 | |a Διατριβή (μεταπτυχιακή) – Πανεπιστήμιο Αιγαίου, Λέσβος, 2009. | ||
| 650 | 0 | 0 | |a Environmental protection |x Decision making. |
| 650 | 0 | 0 | |a Public officers |x Attitudes. |
| 650 | 0 | 0 | |a Environmental management |z Greece. |
| 650 | 0 | 0 | |a Environmental policy |x Citizen participation. |
| 650 | 0 | 0 | |a Environmental policy |z Greece. |
| 650 | 0 | 0 | |a Best management practices (Pollution prevention) |
| 650 | 0 | 0 | |a Dissertations, Academic |z Greece. |
| 700 | 1 | |a Ευαγγελινός, Κωνσταντίνος. |4 ths | |
| 710 | 2 | |a Πανεπιστήμιο Αιγαίου |b Σχολή Περιβάλλοντος |b Τμήμα Περιβάλλοντος |b Πρόγραμμα Μεταπτυχιακών Σπουδών Περιβαλλοντική Πολιτική και Διαχείριση. | |
| 852 | |a INST |b LESVOS |c DIATR |e 20100609 |h 599 |p 005100047706 |q 005100047706 |t MTXE |y 23 | ||
| 852 | |a INST |b LESVOS |c DIATR |e 20100609 |h 600 |p 005100047707 |q 005100047707 |t MTXE |y 23 | ||
| 856 | |u http://hdl.handle.net/11610/15045 | ||
| 901 | |a BIBL1-2010-2 | ||
| 909 | |a Λ |b 164682 | ||
| 909 | |a Λ |b 164683 | ||
| 924 | |a ΑΝΤΩΝΙΟΥ |b ΣΤΑΥΡΟΥΛΑ |y ΛΕΣΒΟΣ |z 2009-11 | ||
| 970 | |a ΤΖΑΦΕΡΗ |b ΕΥΑΓΓΕΛΙΑ |z 2010/06/09 | ||